Economics of climate change in Latin America and the Caribbean (Registro nro. 18977)
[ vista simple ]
| 000 -CABECERA | |
|---|---|
| Campo de control | 00903nam a2200217 a 4500 |
| 005 - FECHA Y HORA DE LA ULTIMA TRANSACCION | |
| Campo de control | 20160822164645.0 |
| 008 - ELEMENTOS DE LONGITUD FIJA—INFORMACION GENERAL | |
| Campo de control | 160822b2010 cl abd||r|||| 00| 0 eng d |
| 040 ## - FUENTE DE CATALOGACIÓN | |
| Agencia catalogadora original | CO-BoIAVH |
| Agencia transcriptora | CO-BoIAVH |
| 041 0# - IDIOMA | |
| Código de idioma para texto/pista de sonido o título separado | Inglés |
| 044 ## - PAÍS DE PUBLICACIÓN | |
| País de publicación | Chile |
| 082 04 - NUMERO DE CLASIFICACION DECIMAL DEWEY | |
| Número de clasificación | 304.25 |
| Número del ítem | E19c |
| 245 00 - MENCION DE TITULO | |
| Título | Economics of climate change in Latin America and the Caribbean |
| 260 ## - PUBLICACION, DISTRIBUCION, ETC. (PIE DE IMPRENTA) | |
| Lugar de publicación, distribución, etc. | Santiago, Chile : |
| Nombre del editor, distribuidor, etc. | United Nations, |
| Fecha de publicación, distribución, etc. | 2010. |
| 300 ## - DESCRIPCION FISICA | |
| Extensión | 107 páginas : |
| Otros detalles físicos | ilustraciones, gráficas y tablas ; |
| Dimensiones | 27 x 21 cm. |
| 504 ## - NOTA DE BIBLIOGRAFIA, ETC. | |
| Nota de bibliografía | Incluye referencias bibliográficas. |
| 650 26 - ASIENTO SECUNDARIO DE MATERIA - TERMINO TEMATICO | |
| Término temático o nombre geográfico como elemento de entrada | Cambio climático |
| Subdivisión general | Aspectos económcos |
| Subdivisión cronológica | 2010 |
| Subdivisión geográfica | América Latina |
| Subdivisión de forma | Resúmenes |
| 9 (RLIN) | 74640 |
| 650 26 - ASIENTO SECUNDARIO DE MATERIA - TERMINO TEMATICO | |
| Término temático o nombre geográfico como elemento de entrada | Cambio climático |
| Subdivisión general | Aspectos económcos |
| -- | tendencias |
| Subdivisión cronológica | 2010 |
| Subdivisión geográfica | América Latina |
| Subdivisión de forma | Resúmenes |
| 9 (RLIN) | 74641 |
| 650 26 - ASIENTO SECUNDARIO DE MATERIA - TERMINO TEMATICO | |
| Término temático o nombre geográfico como elemento de entrada | Impacto ambiental |
| Subdivisión cronológica | 2010 |
| Subdivisión geográfica | América Latina |
| 9 (RLIN) | 74642 |
| 710 2# - ASIENTO SECUNDARIO - NOMBRE CORPORATIVO | |
| Nombre corporativo o de jurisdicción como elemento de entrada | Comisión Económica para América Latina y el Caribe - Cepal - |
| 9 (RLIN) | 17484 |
| 942 ## - ELEMENTOS ADICIONALES (KOHA) | |
| Sistema de clasificación | Dewey Decimal Classification |
| Tipo de ítem | Libro |
| Withdrawn status | Lost status | Sistema de Clasificación | Damaged status | No para préstamo | Colección | Inventariado | Ubicación Permanente | Ubicación actual | Fecha de adquisición | Fuente de Valor | Valor | Total Checkouts | Número topográfico | Inventario / Código de Barras | Date last seen | Ejemplar | Price effective from | Forma de adquisición | Tipo de material |
|---|---|---|---|---|---|---|---|---|---|---|---|---|---|---|---|---|---|---|---|
| Dewey Decimal Classification | General | Inventariado 2017 | Bogotá | Bogotá | 22/08/2016 | Instituto | 39000.00 | LB-304.25 E19c | 040627 | 22/08/2016 | Ej. 1 | 22/08/2016 | Donación | Libro |